Delphi : and its history
Αποθηκεύτηκε σε:
| Κύριος συγγραφέας: | |
|---|---|
| Μορφή: | Βιβλίο |
| Γλώσσα: | English |
| Δημοσίευση: |
Athens :
Greece An Archaeological Guide ,
1984
|
| Θέματα: | |
| Ετικέτες: |
Προσθήκη ετικέτας
Δεν υπάρχουν, Καταχωρήστε ετικέτα πρώτοι!
|
MARC
| LEADER | 00000cam a2200000 i 4500 | ||
|---|---|---|---|
| 001 | 1/47374 | ||
| 008 | 961127s1984 eng d | ||
| 035 | |l 10026487 | ||
| 040 | |a GR-MY-UA |b gre |e aacr | ||
| 041 | 0 | |a eng | |
| 082 | 0 | |a 938.3 AMA | |
| 100 | 1 | |a Amandry, Pierre. | |
| 245 | 1 | 0 | |a Delphi : |b and its history / |c Pierre Amandry |
| 260 | |a Athens : |b Greece An Archaeological Guide , |c 1984 | ||
| 300 | |a 32 p. | ||
| 500 | |a Includes potery maps | ||
| 651 | 0 | |a Delphi (Extinct city) |x Antiquities. | |
| 852 | |a INST |b CHIOS |e 19961127 |h 938.3 AMA |p 005200011848 |q 005200011848 |t BK |y 0 | ||
| 901 | |a BIBL2-1996-3 | ||
| 909 | |a Χ |b 047936 | ||